000 00341 a2200169 4500
001 189117
020 _a85-16-02013-4
040 _cMagnum
100 _aVenezia, Mike
240 1 0 _aPaul Gauguin
_lpor
245 1 0 _aPaul Gauguin
300 _a32
362 0 _a1997
440 1 _aModerna
697 _aPINTORES E PINTURAS
942 _cBK
999 _c189117
_d189117